000 00354pab a2200157 454500
008 180718b2001 xxu||||| |||| 00| 0 eng d
100 _aDeswal, K. Rajbir
245 _aOn the heels of social policing
260 _c2001
300 _ap.M-7
362 _a5 Jul
650 _aPolice - India
650 _aPolice
773 _aPioneer
909 _a50552
999 _c50552
_d50552